| 000 | 00572nam a2200181Ia 4500 | ||
|---|---|---|---|
| 005 | 20250508153134.0 | ||
| 008 | 008 250505s9999 xx 000 0 hin d | ||
| 020 | _a81-7450-257-2 | ||
| 037 | _aReference | ||
| 040 |
_aFEDL _beng _cFEDL |
||
| 041 |
_ahin _2eng |
||
| 084 |
_a491.433, MAN _qFEDL |
||
| 100 | _aVerma Ramchandra | ||
| 245 | 0 | _aManak hindi kosh: Hindi bhasha ka adhtan, arth pradhan aur sarvangpurn shabda kosh. 2 Vols | |
| 260 |
_aPrayag, India _bHindi Sahitya Sammelan _c2003 |
||
| 942 |
_cREF _h491.433, MAN |
||
| 999 |
_c1340878 _d1340878 |
||